Language Quiz

Random Language or French Quiz

Ch. 1 Exprimons-nous Quiz Stats

 Plays Quiz not verified by Sporcle

Also try: All Five Vowels
Challenge
Share
Tweet
Embed
Score 0/45 Timer 10:00
0 Plays Today
In English In French % Correct
Mr.Monsieur
92.3%
HelloBonjour
84.6%
Mrs.Madame
84.6%
Hi!Salut
69.2%
GoodbyeAu revoir
61.5%
MissMademoiselle
53.8%
Good eveningBonsoir
46.2%
My name is...Je m'appelle
46.2%
Not badPas mal
38.5%
His name is...Il s'appelle
30.8%
What is your name?Comment tu t'appelles
23.1%
What is his name?Comment il s'appelle
23.1%
What is her name?Comment elle s'appelle
23.1%
Her name is...Elle s'appelle
23.1%
I am 18 years old.J'ai 18 ans
23.1%
She is 18 years old.Elle a 18 ans
23.1%
Yes, there is a map.Oui, il y a une carte
23.1%
See you soonÀ bientôt
15.4%
See you tomorrowÀ demain
15.4%
See you laterÀ plus tard
15.4%
How are you doing? (formal)Comment allez-vous
15.4%
He's a friend.C'est un ami
15.4%
Yes, there are some maps.Oui, il y a des cartes
15.4%
In English In French % Correct
How's it going? (informal)Comment ça va
7.7%
Yes, fine.Oui, ça va
7.7%
Very good, thank you.Très bien merci
7.7%
So-soPlus ou moins
7.7%
Not too goodPas très bien
7.7%
I'd like to introduce you to...Je te présente
7.7%
Very nice to meet you.Enchanté
7.7%
How old are you?Tu as quel âge
7.7%
How old is she?Elle a quel âge
7.7%
Is there a map in the classroom?Il y a une carte dans la salle de classe
7.7%
Are there maps in the classroom?Il y a des cartes dans la salle de classe
7.7%
How many students are there in the class?Combien d'élèves il y a dans la classe
7.7%
There are five (of them).Il y a cinq.
7.7%
No, there isn't a map.Non, il n'y a pas de carte
7.7%
There aren't any.Il n'y en a pas
7.7%
What is your e-mail address?Quelle est ton adresse e-mail
7.7%
@arobase
7.7%
dotpoint
7.7%
How do you write...?Comment ça s'écrit
7.7%
How do you spell...?Comment tu épelles
7.7%
It is written/spelled...Ça s'écrit
7.7%
This is Bill.Ça c'est Bill
0%

You're not logged in!

Compare scores with friends on all Sporcle quizzes.
Join for Free
OR
Log In

You Might Also Like...

Show Comments

Extras

Created Jan 11, 2011ReportNominate
Tags:French Quiz, class, English, leah

Top Quizzes Today


Score Distribution

Your Account Isn't Verified!

In order to create a playlist on Sporcle, you need to verify the email address you used during registration. Go to your Sporcle Settings to finish the process.

Report this User

Report this user for behavior that violates our Community Guidelines.

Details: